Η οικογένεια και το σχολείο : μια συστημική προσέγγιση από κοινού σε παιδιά με προβλήματα

Αποθηκεύτηκε σε:
Λεπτομέρειες βιβλιογραφικής εγγραφής
Άλλοι συγγραφείς: Dowling, Emilia, 1941- (edtf), Osborne, Elsie L. (Elsie Letitia) (edtf), Βοσνιάδου, Στέλλα, 1946- (edtf), Μπίμπου-Νάκου, Ιωάννα (trlf)
Μορφή: Βιβλίο
Γλώσσα:Greek
English
Δημοσίευση: Αθήνα : Gutenberg, 2001.
Σειρά:Ψυχολογία (Gutenberg) 19
Θέματα:
Ετικέτες: Προσθήκη ετικέτας
Δεν υπάρχουν, Καταχωρήστε ετικέτα πρώτοι!

MARC

LEADER 00000cam a2200000 i 4500
001 1/29978
008 130523s2001 gr | ||| |||| ||gre||
020 |a 960010901X  
035 |l 10114477  
040 |a GR-MyUa   |b gre   |e AACR2  
041 1 |a gre  |h eng 
082 7 |a 362.208   |2 (23)  
245 0 2 |a Η οικογένεια και το σχολείο :   |b μια συστημική προσέγγιση από κοινού σε παιδιά με προβλήματα /   |c επιμέλεια: Emilia Dowling, Elsie Osborne ; μετάφραση: Ιωάννα Μπίμπου-Νάκου ; επιμέλεια: Στέλλα Βοσνιάδου. 
260 |a Αθήνα :   |b Gutenberg,   |c 2001.  
300 |a 423 σ. ;   |c 21 εκ.  
490 1 |a (Ψυχολογία / Gutenberg ;   |v 19) 
504 |a Βιβλιογραφία: σ. 399-411. Ευρετήριο. 
650 0 |a Problem children  |x Education. 
650 0 |a Home and school. 
650 0 |a Psychological consultation. 
700 1 |a Dowling, Emilia,   |d 1941-  |e edtf 
700 1 |a Osborne, Elsie L.   |q (Elsie Letitia)  |e edtf 
700 1 |a Βοσνιάδου, Στέλλα,   |d 1946-  |e edtf 
700 1 |a Μπίμπου-Νάκου, Ιωάννα,  |e trlf 
765 0 8 |i Μετάφραση του:   |t The family and the school :  
830 0 |a Ψυχολογία (Gutenberg)  |v 19 
852 |a INST  |b RHODES  |c EUDOXUS  |e 20130523  |h 362.208 ΟΙΚ  |p 005400035248  |q 005400035248  |t EDX  |y 0 
901 |a BIBL4-2013-2 
920 |a ΕΥΔΟΞΟΣ  |b ΠΑΡΑΓΓΕΛΙΑ  |y Ρόδος-ΠΤΔΕ  |z 2013-05 
970 |z 2013/05/23